000 01604nam a2200325 a 4500
001 BRCA_4928
005 20190320204849.0
008 211010s1823----mx-######v---#000-0#spa-#
041 _aspa
044 _amx
084 _aDOC32
_b.V53
_c1823
100 1 _aVictoria, Guadalupe
_d1786-1843
_912506
245 1 0 _aDocumento firmado por Guadalupe Victoria
_cGuadalupe Victoria ... [et al.].
260 _aMéxico
_c1823
300 _a[4] fojas
_c30 x 21 cm
500 _aDocumento firmado el 8 de mayo de 1823
500 _aDocumento de Guadalupe Victoria dirigida a Lucas Alamán, Secretario de Relaciones Exteriores. En ella le da cuenta de los preparativos que conto con Bravo han efectuado para el embarque de Don Agustín de Iturbide y le remite original de la contrata firmada con el capitán de la Fragata que debía llevarlo a Italia. Fechada en Veracruz
500 _aEl documento tiene la leyenda DOC. #41
500 _aPapel con marca de agua
500 _aEstado de conservación: Contiene laguna en la esquina inferior derecha en ambas fojas y anotaciones con tinta roja
506 0 _aFondo reservado: para su consulta es necesario credencial de usuario y carta de motivos
546 _aTexto en: español de principios del siglo XIX
600 1 4 _aVictoria, Guadalupe
_d1786-1843
_912506
651 4 _aMéxico
_vManuscrito
_xHistoria
_yPrimeros gobiernos independientes, 1821-1824
_912507
700 1 _aAlamán, Lucas
_d1792-1853
_912508
700 1 _aBravo Rueda, Nicolás
_d1786-1854
_912509
700 1 _aIturbide, Agustín de
_d1783-1824
_912510
902 _aFDH
942 _2lcc
_cD
999 _c4622
_d4622